| 000 | 005580000a22001690004500 | ||
|---|---|---|---|
| 003 | MACL | ||
| 005 | 20160611131613.0 | ||
| 008 | 160611b xxu||||| |||| 00| 0 eng d | ||
| 040 |
_aMACL _cMACL |
||
| 041 | _aHindi | ||
| 082 | _a800 | ||
| 100 |
_aराजमन, पं. रा _964255 |
||
| 245 |
_aनौ महीनों की दमिगी कसरत _cपं. रा राजमन |
||
| 260 |
_bहिन्दी बुक सेंटर _c1998 _aनई दिल्ली |
||
| 650 |
_aLiterature _964256 |
||
| 942 |
_cHIN _k800 _2ddc |
||
| 999 |
_c30229 _d30229 |
||